Finančný plán podniku bakalárska práca

Saved in:
Bibliographic Details
Main Author: Tarandová, Lenka
Corporate Author: Fakulta podnikového manažmentu EU. Katedra podnikových financií
Other Authors: Bešinová, Zuzana
Format: Book
Language:Slovak
Published: Bratislava 2010
Tags: Add Tag
No Tags, Be the first to tag this record!

MARC

LEADER 00000nbm a2200000 4500
001 0133366
005 20161109111522.0
041 0 |a slo 
044 |a SK 
245 1 0 |a Finančný plán podniku  |b bakalárska práca  |c Lenka Tarandová ; školiteľ: Zuzana Bešinová 
264 1 |a Bratislava  |c 2010 
300 |a 57 s. 
100 1 |a Tarandová, Lenka 
700 1 |a Bešinová, Zuzana 
710 2 |a Fakulta podnikového manažmentu EU. Katedra podnikových financií